000 00877nas a2200301 4500
001 BR9104182
003 BR-BrBNA
005 20231205092145.0
007 ta
008 230509b bl.|||p| |||| 00| 00por d
040 _aBR-BrBNA
_bpor
_cBiblioteca Nacional de Agricultura
041 _a(Pt)
072 _aE20
100 1 _aFerreira, C.R.R.P.
100 1 _aCamargo, A.M.M.P. de
100 1 _aToledo, Y.I.M. de
100 1 _aSantos, Z.A.P. de S.
245 1 _aAlguns aspectos do uso economico das pastagens no estado de Sao Paulo
650 _aECONOMIA AGRICOLA
650 _aPRECO
650 _aPASTAGEM
650 _aVARIEDADE
650 _aCAPIM BRACHIARIA
650 _aARRENDAMENTO
773 0 _tAgricultura em Sao Paulo (Brazil)
_xISSN 0044-6793
_g1990, v. 37(3) p. 73-97
_wBR9104182
909 _a202311
_bLúcia
_c55
_dLúcia Elande
942 _2AGRIS
_n0
_cANA
999 _c129735
_d129735